000 00450nam a2200181Ia 4500
001 24287
005 20260414151033.0
008 260414t2018||||xx |||||||||||||| ||spa||
041 _aESP
082 _a345.2
_bP42E
100 _aPeña Cabrera Freyre, Alonso Raúl
_eAUT
245 0 _aEstudios de derecho procesal penal
_b
260 _c2018
300 _a1231 páginas :
_c25 cm.
650 _aDER
654 _aCDE
942 _cLIB
_dJUS
_fJUS
_2ddc
_n
999 _c24287
_d24287